000 01053cam a22002535a 4500
001 E148763
008 091106s2008 sz f 000 0 eng d
035 _a(Sirsi) u148763
041 0 _aeng
050 0 4 _a658.477 $2 18
100 1 _aCorsellis, Tom
245 0 0 _aTransitional settlement and reconstruction after natural disasters
250 _aField edition
260 _aGeneva
_bUnited Nations
_c2008
300 _ax, 310p.
_c21cm.
505 2 _aPrinciples and coordination -- Planning for response -- Responding to hazards -- Transitional settlement options, displaced populations -- Transitional reconstruction options, non-displaced populations -- Implementing a response -- Toolkits -- Resources
520 _aOffers guidance to those dealing with sudden disasters on issues such as planning a response, and coordinating with humanitarian and developmental organisations.
521 _aAdvanced
590 _aKA
651 4 _aInternational
690 _aConstruction management
_96230
700 1 _aVitale, Antonella
942 _n0
999 _c110213
_d110213